| 000 | 01024nam a2200301 a 4500 | ||
|---|---|---|---|
| 003 | MX-MxUPN | ||
| 005 | 20250808063909.0 | ||
| 008 | 991125s1886 mx br 000 0 spa d | ||
| 035 | _aUPN01000007206 | ||
| 040 |
_aMX-MxUPN _bspa _cMX-MxUPN |
||
| 041 | _aspa | ||
| 049 | _aCE | ||
| 050 | 4 |
_aLB1589 M6 _bO93 1886 |
|
| 100 | 1 |
_aOviedo, Paulino María _951921 |
|
| 245 | 1 | 0 |
_aCatecismo de aritmética comercial : _baplicada y dispuesta al alcance de la inteligencia de los niños |
| 250 | _aSetima edición | ||
| 260 |
_aMéxico : _bAntigua Imprenta de Murguía, _c1886. |
||
| 300 | _a1-38, 43-67, 78-191 páginas | ||
| 490 | 0 | _aEl urcullu reformado | |
| 500 | _a"Contiene más de 500 problemas" | ||
| 650 | 4 |
_aAritmética _xEstudio y enseñanza (Elemental) _95289 |
|
| 650 | 4 |
_aMatemáticas _xEstudio y enseñanza (Elemental) _92809 |
|
| 650 | 4 |
_aMatemáticas _vLibros de texto _919875 |
|
| 650 | 4 |
_aAritmética _944734 _vLibros de texto |
|
| 902 | _bMaríaRobles/130524 | ||
| 905 | _aLibro | ||
| 942 |
_2lcc _cLIBRO _n0 |
||
| 999 |
_c7206 _d7206 |
||